NCAA Institutions in South Carolina - Statistics

General Stats
  • This quiz has been taken 25 times
  • The average score is 15 of 27
Answer Stats
Conference School Team Name % Correct
Division I ACC Clemson Tigers
100%
Division I SEC South Carolina Gamecocks
100%
Division I CAA Charleston Cougars
94%
Division I Sun Belt Coastal Carolina Chanticleers
94%
Division I MEAC South Carolina State Bulldogs
83%
Division I Big South South Carolina-Upstate Spartans
78%
Division I Southern The Citadel Bulldogs
78%
Division I Southern Wofford Terriers
78%
Division I Southern Furman Paladins
72%
Division I Big South Charleston Southern Buccaneers
67%
Division II South Atlantic Anderson Trojans
56%
Division I Big South Presbyterian Blue Hose
56%
Division II South Atlantic Newberry Wolves
50%
Division I Big South Winthrop Eagles
50%
Division II South Atlantic Coker Cobras
44%
Division II Peach Belt South Carolina-Beaufort Sand Sharks
44%
Division II Carolinas Converse Valkyries
39%
Division II Carolinas Erskine Flying Fleet
39%
Division II Peach Belt Lander Bearcats
39%
Division II South Atlantic Limestone Saints
39%
Division II Peach Belt South Carolina-Aiken Pacers
39%
Division II Carolinas Francis Marion Patriots
33%
Division II Carolinas North Greenville Crusaders
33%
Division II SIAC Allen Yellow Jackets
28%
Division II SIAC Benedict Tigers
22%
Division II CIAA Claflin Panthers
17%
Division II Carolinas Southern Wesleyan Warriors
17%
No matching quizzes found
Score Distribution
Percent of People with Each Score
Percentile by Number Answered
Your Score History
You have not taken this quiz